T.G.M jak jsme ho viděli

Bibliographic Details
Other Authors: Hofmann, Josef (Compiler), Odstrčil, Oskar Josef, 1891-1951 (Compiler)
Format: Book
Language:Czech
Slovak
PhysicalDescription:372 s. fotografie 22 cm
Published: Praha Rudolf Mikuta 1948
Edition:2. vydanie
Subjects:

MARC

LEADER 00000cam a2200000 a 4500
001 vtls008517520
003 SK-MaSNL
005 20260301165318.0
008 230403s1948 xr ao g 000 mdcze
015 |a SNBA1948 
035 |a SAVUKc096428 
035 |a urn:nbn:sk:snk-am3i2pd 
035 |a D27D69A3-54BA-495D-AA07-39BADFFE92BE 
035 |a urn:nbn:sk:snk-am00dhrt 
040 |a SNK  |b slo  |c SNK  |e AACR2 
041 0 |a cze  |a slo 
044 |a xr  |c CZ 
080 |a (0:82-94)  |2 2011 
245 0 0 |a T.G.M jak jsme ho viděli  |c [uspořádali Josef Hofmann, Oskar Odstrčil] 
250 |a 2. vydanie 
260 |a Praha  |b Rudolf Mikuta  |c 1948 
300 |a 372 s.  |b fotografie  |c 22 cm 
546 |a Text aj v slovenčine 
600 1 7 |a Masaryk, Tomáš Garrigue,  |d 1850-1937  |2 SNKMA  |9 98178 
650 0 7 |a prezidenti  |2 SNKPH  |9 4128 
650 0 7 |a Presidents  |2 SNKPHeng  |9 277474 
655 7 |a spomienky  |2 SNKPH  |9 29509 
655 7 |a Reminiscences  |2 SNKPHeng  |9 93477 
700 1 |a Hofmann, Josef  |4 com  |9 533869 
700 1 |a Odstrčil, Oskar Josef,  |d 1891-1951  |4 com  |9 533870 
852 |a Slovenská národná knižnica 
954 |a odborná, vedecká literatúra cudzojazyčná (svetová)  |2 lita 
958 |a OND 
958 |a EUIPO 
999 |c 823812  |d 825742 
952 |a SNK  |b SNK  |y PREZ  |7 0  |p 17A0755034  |o snkSC 3311  |i snk6116/48  |0 0  |1 0  |4 0  |d 2018-08-22  |f 1  |l 0  |r 2025-06-25 00:00:00  |w 2026-02-24 
952 |a SNK  |b SNK  |y VYP  |7 0  |p 17A1547819  |o snkSC 3311 D1  |i snkD 1569/91  |8 1  |0 0  |1 0  |4 0  |d 2024-05-30  |l 0  |r 2026-02-24 03:14:38  |w 2026-02-24